000
00242nam a2200097 a 4500
005
20140414131940.0
008
110126s19uu xx 00 eng d
050
_a
M 398.8
_b
M99 2008
245
_a
My treasury of nursery rhymes.
999
_c
112577
_d
112577